Российское японоведение сегодня (Запись № 10755162)

Подробности
000 -МАРКЕР
контрольное поле 03356nam0a2200457 i 4500
001 - ИДЕНТИФИКАТОР ЗАПИСИ
контрольное поле RU\NLR\BIBL_A\010941964
005 - ИДЕНТИФИКАТОР ВЕРСИИ
контрольное поле 20260408161234.0
010 ## - МЕЖДУНАРОДНЫЙ СТАНДАРТНЫЙ НОМЕР КНИГИ (ISBN)
Номер (ISBN) 9785838103000
Тираж 500
021 ## - НОМЕР ГОСУДАРСТВЕННОЙ РЕГИСТРАЦИИ
Код страны российская федерация
Номер 2015-93524
Номер Листа государственной регистраци 5775
035 ## - ДРУГИЕ СИСТЕМНЫЕ НОМЕРА
Идентификатор записи (NILC)RuMoRGB-008087082
035 ## - ДРУГИЕ СИСТЕМНЫЕ НОМЕРА
Идентификатор записи (NLR Aleph) 010941964
100 ## - ДАННЫЕ ОБЩЕЙ ОБРАБОТКИ
Данные общей обработки 20151221d2015 k y0rusy50 ca
101 0# - ЯЗЫК РЕСУРСА
Язык текста, звукозаписи и т.д. русский
102 ## - СТРАНА ПУБЛИКАЦИИ ИЛИ ПРОИЗВОДСТВА
Страна публикации российская федерация
105 ## - ПОЛЕ КОДИРОВАННЫХ ДАННЫХ: ТЕКСТОВЫЕ МАТЕРИАЛЫ, МОНОГРАФИЧЕСКИЕ
Кодированные данные о монографическом текстовом документе a|||z|||110yy
200 1# - ЗАГЛАВИЕ И СВЕДЕНИЯ ОБ ОТВЕТСТВЕННОСТИ
Основное заглавие Российское японоведение сегодня
Сведения, относящиеся к заглавию к 20-летию Ассоциации японоведов
-- [сборник статей на основе докладов и сообщений Общероссийской научной конференции "Российское японоведение сегодня. К 20-летию Ассоциации японоведов", 19 декабря 2014 г.
Первые сведения об ответственности редкол.: д.и.н. Кистанов В. О. и др.]
210 ## - ПУБЛИКАЦИЯ, РАСПРОСТРАНЕНИЕ И ДР.
Место издания, распространения и т.д. Москва
Имя издателя, распространителя и т. д. ИДВ РАН
Дата издания, распространения и т.д. 2015
215 ## - ФИЗИЧЕСКАЯ ХАРАКТЕРИСТИКА
Специфическое обозначение материала и объем 523 с.
Другие сведения о физической характеристике ил.
Размеры 21
300 ## - ОБЩИЕ ПРИМЕЧАНИЯ
Текст примечания В надзаг.: Российская акад. наук, Федеральное гос. бюджетное учреждение науки Ин-т Дальнего Востока Российской акад. наук, Центр яп. исследований, Межрегиональная общественная орг. "Ассоциация японоведов"
320 ## - ПРИМЕЧАНИЯ О НАЛИЧИИ В ДОКУМЕНТЕ БИБЛИОГРАФИИ / УКАЗАТЕЛЯ
Текст примечания Библиогр. в примеч. в конце ст.
606 ## - НАИМЕНОВАНИЕ ТЕМЫ КАК ПРЕДМЕТ
Наименование темы Японская филология
Формальный подзаголовок Съезды, совещания и т.п
Системный номер авторитетной/нормативной записи 1862991
Идентификатор авторитетной/нормативной записи RU\NLR\AUTH\661136076
606 ## - НАИМЕНОВАНИЕ ТЕМЫ КАК ПРЕДМЕТ
Наименование темы Японоведение
Формальный подзаголовок Съезды, совещания и т.п
Идентификатор авторитетной/нормативной записи RU\NLR\AUTH\66267188
Системный номер авторитетной/нормативной записи 1383274
607 ## - ГЕОГРАФИЧЕСКОЕ НАИМЕНОВАНИЕ КАК ПРЕДМЕТ
Географическое наименование Российская Федерация
Формальный подзаголовок Съезды, совещания и т.п
Тематический подзаголовок Экономические взаимоотношения
Географический подзаголовок Япония
Системный номер авторитетной/нормативной записи 2210063
Идентификатор авторитетной/нормативной записи RU\NLR\AUTH\661327649
607 ## - ГЕОГРАФИЧЕСКОЕ НАИМЕНОВАНИЕ КАК ПРЕДМЕТ
Географическое наименование Япония
Формальный подзаголовок Съезды, совещания и т.п
Тематический подзаголовок Экономические взаимоотношения
Географический подзаголовок Российская Федерация
Системный номер авторитетной/нормативной записи 2210064
Идентификатор авторитетной/нормативной записи RU\NLR\AUTH\661327650
607 ## - ГЕОГРАФИЧЕСКОЕ НАИМЕНОВАНИЕ КАК ПРЕДМЕТ
Географическое наименование Россия
Формальный подзаголовок Съезды, совещания и т.п
Тематический подзаголовок Взаимоотношения
Географический подзаголовок Япония
Системный номер авторитетной/нормативной записи 2241829
Идентификатор авторитетной/нормативной записи RU\NLR\AUTH\661345181
607 ## - ГЕОГРАФИЧЕСКОЕ НАИМЕНОВАНИЕ КАК ПРЕДМЕТ
Географическое наименование Япония
Формальный подзаголовок Съезды, совещания и т.п
Тематический подзаголовок Взаимоотношения
Географический подзаголовок Россия
Системный номер авторитетной/нормативной записи 2241832
Идентификатор авторитетной/нормативной записи RU\NLR\AUTH\661345182
686 1# - ИНДЕКСЫ ДРУГИХ КЛАССИФИКАЦИЙ
Индекс Т3(5Я)я431
686 1# - ИНДЕКСЫ ДРУГИХ КЛАССИФИКАЦИЙ
Индекс Т3(2)0-64(5Я)я431
686 1# - ИНДЕКСЫ ДРУГИХ КЛАССИФИКАЦИЙ
Индекс Т3(5Я)0-64(2)я431
686 1# - ИНДЕКСЫ ДРУГИХ КЛАССИФИКАЦИЙ
Индекс У9(5Я)80,3(2Р)я431
686 1# - ИНДЕКСЫ ДРУГИХ КЛАССИФИКАЦИЙ
Индекс У9(5Я)89(2)я431
686 1# - ИНДЕКСЫ ДРУГИХ КЛАССИФИКАЦИЙ
Индекс Ш075я431
702 #1 - ИМЯ ЛИЦА - ВТОРИЧНАЯ ОТВЕТСТВЕННОСТЬ
Начальный элемент ввода Кистанов
Часть имени, кроме начального элемента ввода В. О.
Расширение инициалов личного имени Валерий Олегович
Код отношения Редактор
711 12 - НАИМЕНОВАНИЕ ОРГАНИЗАЦИИ - АЛЬТЕРНАТИВНАЯ ОТВЕТСТВЕННОСТЬ
Начальный элемент ввода "Российское японоведение сегодня. К 20-летию Ассоциации японоведов", общероссийская научная конференция
Место проведения временной организации Москва
Дата проведения временной организации 2014
Системный номер авторитетной/нормативной записи 499851
Идентификатор авторитетной/нормативной записи RU\NLR\AUTH\880417366
712 02 - НАИМЕНОВАНИЕ ОРГАНИЗАЦИИ - ВТОРИЧНАЯ ОТВЕТСТВЕННОСТЬ
Код отношения Прочие
Начальный элемент ввода Институт Дальнего Востока
Идентифицирующий признак Москва
Структурное подразделение Центр исследований Японии
Идентификатор авторитетной/нормативной записи RU\NLR\AUTH\889965601
Системный номер авторитетной/нормативной записи 427461
801 #0 - ИСТОЧНИК ЗАПИСИ
Страна российская федерация
Организация РГБ
Дата составления 20151204
Правила каталогизации RCR
942 ## - ДОПОЛНИТЕЛЬНЫЕ ЭЛЕМЕНТЫ ЗАПИСИ (АБИС)
Тип экземпляра АБИС Книга
980 ## - КОЛЛЕКЦИЯ
Название коллекции НБР

Нет доступных экземпляров.